Statistics for Random Movie Quotes #2

Click here to take the quiz!

General Stats

  • This quiz has been taken 41,607 times
    (7,775 since last reset)
  • The average score is 9 of 18

Answer Stats

Quote Movie % Correct
Hasta la vista, babyTerminator 2
90%
That'll do, pigBabe
86%
I'll get you, my pretty. And your little dog tooThe Wizard of Oz
79%
Show me the moneyJerry Maguire
63%
Surely you can't be serious? ...
I am serious. And don't call me Shirley.
Airplane!
62%
I feel the need... the need for speed!Top Gun
54%
We'll always have ParisCasablanca
52%
Oh no, it wasn't the airplanes. It was beauty killed the beastKing Kong
52%
Do or do not, there is no tryThe Empire Strikes Back
50%
Rosebud...Citizen Kane
49%
Stella! Hey, Stella!A Streetcar Named Desire
48%
I can get you a toe, believe me. There are ways, DudeThe Big Lebowski
41%
I'm pretty sure there's a lot more to life than being really, really good looking.
And I plan on finding out what that is
Zoolander
39%
Don't ask me about my businessThe Godfather
32%
You fell victim to one of the classic blunders - The most famous of which is
"never get involved in a land war in Asia"
The Princess Bride
29%
Who is your daddy, and what does he do?Kindergarten Cop
25%
Was it over when the Germans bombed Pearl Harbor?Animal House
22%
A million dollars isn't cool, you know what's cool? ... A billion dollarsThe Social Network
14%

Score Distribution

Percentile by Number Answered

Percent of People with Each Score

Your Score History

You have not taken this quiz since the last reset